Current Challenges in Management of Luxury Brands

Nová generácia spotrebiteľov prináša nové výzvy do luxusného sektora a do stratégií luxusných značiek. Medzi najdôležitejšie výzvy riadenia luxusných značiek súčasnosti patrí online nakupovanie a aktivity spoločenskej zodpovednosti. V tomto kontexte je článok zameraný na priblíženie Live Stream Shop...

ver descrição completa

Na minha lista:
Detalhes bibliográficos
Autor principal: Matušovičová, Monika, 1967-
Formato: Capítulo de Livro
Idioma:inglês
Assuntos:
Tags: Adicionar Tag
Sem tags, seja o primeiro a adicionar uma tag!

MARC

LEADER 00000naa a2200000 4500
001 0304747
005 20241205192821.0
041 0 |a eng 
044 |a SK 
245 1 0 |a Current Challenges in Management of Luxury Brands  |c Monika Matušovičová 
520 |a Nová generácia spotrebiteľov prináša nové výzvy do luxusného sektora a do stratégií luxusných značiek. Medzi najdôležitejšie výzvy riadenia luxusných značiek súčasnosti patrí online nakupovanie a aktivity spoločenskej zodpovednosti. V tomto kontexte je článok zameraný na priblíženie Live Stream Shopping ako formu obchodovania v luxusnom priemysle. Zároveň chceme predstaviť postupy najlepšej praxe luxusnej značky Hermès, na príklade ktorých si ozrejmíme proces formulovania CSR stratégie. Na analýzu skúmanej témy sme použili sekundárne údaje zo štúdií medzinárodných poradenských spoločností a výskumných agentúr. Syntetizovali sme aj čiastkové výsledky primárneho prieskumu zameraného na nákupné správanie a postoje k luxusným značkám. Výsledkom článku je demonštrácia vybraných teoretických prístupov prostredníctvom prípadových štúdií. 
610 2 0 |a zodpovednosť spoločenská 
610 2 0 |a značky 
610 2 0 |a spotrebitelia 
100 1 |a Matušovičová, Monika, 1967-